[Event "British Rapidplay"]
[Site "Peterborough"]
[Date "2025.03.02"]
[Round "9.56"]
[White "Pearson, Charlie"]
[Black "Patel, Keatan"]
[Result "0-1"]
[WhiteElo "1668"]
[BlackElo "1985"]
[PlyCount "188"]
[EventDate "2025.03.01"]
[EventType "swiss (rapid)"]
[EventRounds "11"]
[EventCountry "ENG"]
[SourceTitle "BritBase"]
[Source "John Saunders"]
[SourceDate "2025.03.03"]
[SourceVersion "1"]
[SourceVersionDate "2025.03.03"]
[SourceQuality "2"]

1. e4 e5 2. Nf3 Nc6 3. Bb5 a6 4. Ba4 Nf6 5. O-O Be7 6. Re1 b5 7. Bb3 d6 8. h3 O-O 9. c3 Nb8 10. d4 Nbd7 11. Nbd2 Bb7 12. Bc2 Re8 13. Nf1 Bf8 14. Ng3 g6 15. Bd2 c5 16. d5 c4 17. Qc1 Nc5 18. Be3 Nfd7 19. b4 cxb3 20. axb3 Nb6 21. Bxc5 dxc5 22. Qd2 Nc8 23. Rad1 Nd6 24. Qg5 Qxg5 25. Nxg5 Ra7 26. Nf3 f6 27. Nf1 Rea8 28. b4 cxb4 29. cxb4 Nc4 30. Bb3 Bxb4 31. Re2 Nd6 32. N1h2 a5 33. Ng4 Kf7 34. Rc2 Bc8 35. Rc6 Bd7 36. Rc2 a4 37. Ba2 Ba5 38. Ngxe5+ fxe5 39. Nxe5+ Ke7 40. Nc6+ Bxc6 41. dxc6 Rc7 42. e5 Nc4 43. Bxc4 bxc4 44. Rxc4 Bb6 45. Ra1 a3 46. Ra2 Ra5 47. Kf1 Rxe5 48. Rxa3 Rc5 49. Rxc5 Bxc5 50. Ra6 Kd6 51. g4 Rf7 52. Ra2 Kxc6 53. Kg2 Kd5 54. Rd2+ Bd4 55. Kg3 Ke4 56. Ra2 g5 57. Re2+ Kd3 58. Ra2 Rc7 59. Ra8 Be5+ 60. Kg2 Rd7 61. Rf8 Bd4 62. Ra8 Rf7 63. Ra2 Rf6 64. Kg3 Rc6 65. Ra8 Ke2 66. Ra2+ Kf1 67. Rd2 Bb6 68. Rd7 Bxf2+ 69. Kf3 Rf6+ 70. Ke4 h6 71. Rh7 Bg3 72. Ra7 Kg2 73. Ra3 Kxh3 74. Rb3 Kxg4 75. Rb1 Rf4+ 76. Ke3 h5 77. Rd1 h4 78. Rb1 h3 79. Rh1 h2 80. Ke2 Re4+ 81. Kf1 Re1+ 82. Kg2 Rxh1 83. Kxh1 Kf4 84. Kg2 g4 85. Kh1 Ke3 86. Kg2 Bb8 87. Kh1 Ke2 88. Kg2 h1=Q+ 89. Kxh1 Bh2 90. Kxh2 Kf2 91. Kh1 Kg3 92. Kg1 Kh3 93. Kh1 g3 94. Kg1 g2 0-1

[Event "British Rapidplay"]
[Site "Peterborough"]
[Date "2025.03.02"]
[Round "9.57"]
[White "Brocklehurst, Andrew"]
[Black "Kumar, Sachin"]
[Result "1/2-1/2"]
[WhiteElo "1856"]
[BlackElo "1735"]
[PlyCount "170"]
[EventDate "2025.03.01"]
[EventType "swiss (rapid)"]
[EventRounds "11"]
[EventCountry "ENG"]
[SourceTitle "BritBase"]
[Source "John Saunders"]
[SourceDate "2025.03.03"]
[SourceVersion "1"]
[SourceVersionDate "2025.03.03"]
[SourceQuality "2"]

1. e4 c5 2. Nf3 e6 3. d4 cxd4 4. Nxd4 Qb6 5. Nb3 Nc6 6. Be2 Nf6 7. N1d2 a6 8. O-O Be7 9. Nc4 Qc7 10. Bf3 O-O 11. Be3 Ne5 12. Nxe5 Qxe5 13. Qd4 Qc7 14. c4 e5 15. Qd3 d6 16. Rac1 Be6 17. Nd2 Rac8 18. b3 Nd7 19. Nb1 Nc5 20. Bxc5 Qxc5 21. Nc3 Bd8 22. Rfd1 Bg5 23. Rc2 Rfd8 24. g3 Rd7 25. h4 Bd8 26. Nd5 Bxd5 27. Qxd5 Qxd5 28. Rxd5 Rc6 29. Rcd2 Bf6 30. c5 Kf8 31. cxd6 Ke8 32. Bg4 Rd8 33. Kg2 g6 34. f4 exf4 35. e5 f3+ 36. Bxf3 Bg7 37. Bg4 Bh6 38. Re2 Bf8 39. b4 b5 40. h5 Rc4 41. Bh3 g5 42. Bf5 h6 43. d7+ Ke7 44. e6 f6 45. a3 Rc3 46. Rd3 Rxd3 47. Bxd3 Kd6 48. a4 bxa4 49. Bxa6 Rb8 50. Bc8 Be7 51. Rd2+ Kc7 52. Ba6 Rd8 53. Bb5 Bxb4 54. Rd4 Be7 55. Bxa4 Kb6 56. Bb3 Kc5 57. Rc4+ Kd6 58. Rc8 Ke5 59. Kf3 f5 60. Rc2 g4+ 61. Ke3 Kf6 62. Rc8 Kg5 63. Rxd8 Bxd8 64. Kd4 Kxh5 65. Kd5 Kg5 66. Bc2 Kf6 67. Kd6 h5 68. Bd3 h4 69. gxh4 f4 70. Be4 Be7+ 71. Kc7 Ke5 72. d8=Q Bxd8+ 73. Kxd8 Kxe6 74. h5 Kf7 75. Kd7 f3 76. Kd6 f2 77. Bg2 Kg7 78. Ke5 Kh6 79. Kf4 Kxh5 80. Kg3 Kg5 81. Kxf2 Kf4 82. Bb7 g3+ 83. Kg2 Kg4 84. Bf3+ Kf4 85. Bd1 Ke5 1/2-1/2

[Event "British Rapidplay"]
[Site "Peterborough"]
[Date "2025.03.02"]
[Round "9.58"]
[White "Calvert, George"]
[Black "Ward, Andrew"]
[Result "0-1"]
[WhiteElo "1740"]
[BlackElo "1894"]
[PlyCount "73"]
[EventDate "2025.03.01"]
[EventType "swiss (rapid)"]
[EventRounds "11"]
[EventCountry "ENG"]
[SourceTitle "BritBase"]
[Source "John Saunders"]
[SourceDate "2025.03.03"]
[SourceVersion "1"]
[SourceVersionDate "2025.03.03"]
[SourceQuality "2"]

1. e4 e5 2. Nf3 Nc6 3. d4 exd4 4. Nxd4 Qf6 5. Be3 Bc5 6. c3 Nge7 7. Bc4 Ne5 8. Be2 Qg6 9. Bf3 Bxd4 10. cxd4 Nxf3+ 11. Qxf3 Qb6 12. Qe2 Qg6 13. f3 O-O 14. O-O d5 15. Nc3 dxe4 16. fxe4 c6 17. d5 cxd5 18. Bc5 Re8 19. exd5 Bg4 20. Qd2 b6 21. Bxe7 Rxe7 22. Rfe1 Rae8 23. Rxe7 Rxe7 24. d6 Rd7 25. Nb5 a6 26. Rc1 h6 27. Nc7 Rxd6 28. Qe3 a5 29. Nb5 Re6 30. Qc3 Kh7 31. h3 Bf5 32. Nd4 Rf6 33. Re1 Be6 34. Nc6 Bd5 35. g4 Bxc6 36. Qd4 Qc2 37. Qe4+ 0-1

[Event "British Rapidplay"]
[Site "Peterborough"]
[Date "2025.03.02"]
[Round "9.59"]
[White "Bellano, Harry"]
[Black "Liu, Jacob"]
[Result "0-1"]
[WhiteElo "1654"]
[BlackElo "1779"]
[PlyCount "94"]
[EventDate "2025.03.01"]
[EventType "swiss (rapid)"]
[EventRounds "11"]
[EventCountry "ENG"]
[SourceTitle "BritBase"]
[Source "John Saunders"]
[SourceDate "2025.03.03"]
[SourceVersion "1"]
[SourceVersionDate "2025.03.03"]
[SourceQuality "2"]

1. e4 e6 2. d4 d5 3. e5 c5 4. c3 Nc6 5. Nf3 Qb6 6. Bd3 Bd7 7. Bc2 Nh6 8. O-O cxd4 9. cxd4 Nb4 10. Ba4 Bxa4 11. Qxa4+ Nc6 12. Bxh6 gxh6 13. Nbd2 Bb4 14. Nb3 O-O 15. a3 Be7 16. Rac1 Kh8 17. Rc2 Rac8 18. Rfc1 Rg8 19. Na5 Rxg2+ 20. Kxg2 Rg8+ 21. Kh3 Nxa5 22. Rc8 Bd8 23. Rg1 Rxg1 24. Nxg1 Nc6 25. b3 a5 26. Nf3 Kg7 27. Ra8 Qc7 28. b4 axb4 29. axb4 b6 30. Qb3 Qe7 31. Ra4 b5 32. Ra8 Bb6 33. Qc3 Qb7 34. Ra1 Ne7 35. Nh4 Ng6 36. Nxg6 hxg6 37. Kg3 Qe7 38. f4 Bd8 39. Rf1 Qh4+ 40. Kg2 Qg4+ 41. Kh1 Qe2 42. Re1 Qg4 43. Qg3 Qh5 44. h3 Bh4 45. Rg1 Bxg3 46. Rxg3 Qd1+ 47. Kh2 Qxd4 0-1

[Event "British Rapidplay"]
[Site "Peterborough"]
[Date "2025.03.02"]
[Round "9.62"]
[White "Iyengar, Ilya"]
[Black "Barton, Ben"]
[Result "1-0"]
[WhiteElo "1979"]
[BlackElo "1857"]
[PlyCount "139"]
[EventDate "2025.03.01"]
[EventType "swiss (rapid)"]
[EventRounds "11"]
[EventCountry "ENG"]
[SourceTitle "BritBase"]
[Source "John Saunders"]
[SourceDate "2025.03.03"]
[SourceVersion "1"]
[SourceVersionDate "2025.03.03"]
[SourceQuality "2"]

1. d4 d5 2. Nf3 c5 3. dxc5 Nc6 4. c4 d4 5. e3 e5 6. exd4 exd4 7. Bd3 Bxc5 8. O-O Nge7 9. Ng5 Ne5 10. Re1 Nxd3 11. Qxd3 h6 12. Ne4 Bf5 13. Qg3 Bxe4 14. Rxe4 O-O 15. Nd2 Re8 16. Nb3 Nf5 17. Qf4 Rxe4 18. Qxe4 Qe7 19. Qxe7 Bxe7 20. g4 Nh4 21. Nxd4 Rd8 22. Be3 Bc5 23. Nc2 Bxe3 24. Nxe3 Rd2 25. b3 Nf3+ 26. Kg2 Nh4+ 27. Kg3 g5 28. c5 Rd4 29. Rd1 Rf4 30. h3 Rf3+ 31. Kh2 Rxf2+ 32. Kg1 Rxa2 33. Rd8+ Kh7 34. Rd7 Nf3+ 35. Kf1 Kg7 36. Rxb7 Nd2+ 37. Ke1 Nf3+ 38. Kd1 Nd4 39. b4 a6 40. Rb6 h5 41. gxh5 Ra3 42. Kd2 Nf3+ 43. Ke2 Ne5 44. Ng4 Ra2+ 45. Kd1 Nc4 46. h6+ Kh7 47. Rf6 Rd2+ 48. Kc1 Rd7 49. Rxa6 f5 50. Nf6+ Kxh6 51. Nxd7+ Kh5 52. c6 Nd6 53. c7 Nc8 54. Ra8 Nd6 55. c8=Q Nxc8 56. Rxc8 f4 57. Ne5 Kh4 58. Rg8 Kxh3 59. Rxg5 f3 60. Nd3 f2 61. Nxf2+ Kh2 62. Nd3 Kh3 63. Kd2 Kh4 64. Rg1 Kh3 65. Ke3 Kh2 66. Rg4 Kh3 67. Kf3 Kh2 68. Kf2 Kh3 69. Rf4 Kh2 70. Rh4# 1-0

[Event "British Rapidplay"]
[Site "Peterborough"]
[Date "2025.03.02"]
[Round "9.63"]
[White "Fisher, Neal"]
[Black "Bramson, Mike"]
[Result "0-1"]
[WhiteElo "1713"]
[BlackElo "1895"]
[PlyCount "142"]
[EventDate "2025.03.01"]
[EventType "swiss (rapid)"]
[EventRounds "11"]
[EventCountry "ENG"]
[SourceTitle "BritBase"]
[Source "John Saunders"]
[SourceDate "2025.03.03"]
[SourceVersion "1"]
[SourceVersionDate "2025.03.03"]
[SourceQuality "2"]

1. e4 e5 2. Nf3 Nc6 3. Bc4 Nf6 4. d3 Bc5 5. O-O d6 6. c3 Bg4 7. a4 a6 8. Ba2 O-O 9. Bg5 h6 10. Bxf6 Qxf6 11. Nbd2 Ne7 12. Qb3 Rab8 13. h3 Be6 14. Qd1 Ng6 15. Bxe6 fxe6 16. g3 h5 17. d4 exd4 18. cxd4 Bb6 19. Kg2 h4 20. a5 Bxd4 21. Nxd4 Qxd4 22. Qg4 Qxd2 23. Qxg6 Rf6 24. Qg4 Rbf8 25. gxh4 Rxf2+ 26. Kg1 R8f6 27. Rxf2 Qxf2+ 28. Kh1 Qf3+ 29. Qxf3 Rxf3 30. Kg2 Rb3 31. Rc1 Rxb2+ 32. Kg3 c6 33. Rd1 d5 34. exd5 cxd5 35. Kf4 Kf7 36. Ke5 Ke7 37. Rg1 Re2+ 38. Kd4 Kf6 39. Rf1+ Ke7 40. Kc5 Rc2+ 41. Kb6 Rb2+ 42. Kc7 d4 43. Rg1 Kf6 44. Kd6 Rb5 45. Rf1+ Rf5 46. Rb1 Rd5+ 47. Kc7 d3 48. Rd1 e5 49. Kxb7 Rd6 50. Kc7 Ke6 51. h5 d2 52. Rg1 d1=Q 53. Rg6+ Kf5 54. Rxd6 Qxh5 55. Kb6 Qe2 56. Ka7 e4 57. Rxa6 Qxa6+ 58. Kxa6 e3 59. Kb7 e2 60. a6 e1=Q 61. a7 Qe4+ 62. Kb8 Kg5 63. a8=Q Qxa8+ 64. Kxa8 Kh4 65. Kb7 Kxh3 66. Kc6 g5 67. Kd5 g4 68. Ke4 Kh2 69. Ke3 g3 70. Ke2 g2 71. Kf2 g1=Q+ 0-1

[Event "British Rapidplay"]
[Site "Peterborough"]
[Date "2025.03.02"]
[Round "9.64"]
[White "Keshari, Krish"]
[Black "Kennedy, Aden"]
[Result "0-1"]
[WhiteElo "1669"]
[BlackElo "1913"]
[PlyCount "50"]
[EventDate "2025.03.01"]
[EventType "swiss (rapid)"]
[EventRounds "11"]
[EventCountry "ENG"]
[SourceTitle "BritBase"]
[Source "John Saunders"]
[SourceDate "2025.03.03"]
[SourceVersion "1"]
[SourceVersionDate "2025.03.03"]
[SourceQuality "2"]

1. e4 g6 2. d4 Bg7 3. Nc3 c5 4. Be3 cxd4 5. Bxd4 Nf6 6. f3 O-O 7. Qd2 Nc6 8. Be3 d6 9. O-O-O Be6 10. g4 a6 11. Kb1 b5 12. h4 b4 13. Nce2 a5 14. h5 b3 15. hxg6 bxc2+ 16. Qxc2 Bxa2+ 17. Ka1 Nb4 18. gxf7+ Bxf7 19. Qd2 Qd7 20. Nc3 Nxe4 21. Qh2 h5 22. Bb5 Qe6 23. fxe4 Bxc3 24. bxc3 Qb3 25. Rc1 Qa3+ 0-1

[Event "British Rapidplay"]
[Site "Peterborough"]
[Date "2025.03.02"]
[Round "9.65"]
[White "De Sousa Muachikape, Jael"]
[Black "Young, Daniel J"]
[Result "1-0"]
[WhiteElo "1855"]
[BlackElo "1975"]
[PlyCount "115"]
[EventDate "2025.03.01"]
[EventType "swiss (rapid)"]
[EventRounds "11"]
[EventCountry "ENG"]
[SourceTitle "BritBase"]
[Source "John Saunders"]
[SourceDate "2025.03.03"]
[SourceVersion "1"]
[SourceVersionDate "2025.03.03"]
[SourceQuality "2"]

1. c4 g6 2. Nc3 Bg7 3. e4 d6 4. d4 Nf6 5. Be2 O-O 6. Be3 e5 7. d5 Na6 8. h4 h5 9. f3 Bd7 10. Nh3 Qe8 11. Nf2 Nc5 12. g4 a5 13. g5 Nh7 14. Nd3 b6 15. b3 f6 16. gxf6 Nxf6 17. Nxc5 bxc5 18. a4 Qe7 19. Qd2 Nh7 20. Nb5 Be8 21. Bh6 Bxh6 22. Qxh6 Rf4 23. O-O-O Nf8 24. Rdg1 Bxb5 25. cxb5 Qg7 26. Qg5 Kh7 27. Kc2 Nd7 28. Rg2 Qf6 29. Qg3 Nf8 30. Qe1 Nd7 31. Rg5 c4 32. bxc4 Nc5 33. Rhg1 Nxa4 34. Qg3 Rg8 35. Rxh5+ Kg7 36. Rf5 Rxf5 37. exf5 Nc5 38. Qxg6+ Qxg6 39. Rxg6+ Kf7 40. h5 Rh8 41. h6 a4 42. Kb2 Nb3 43. b6 cxb6 44. Rxd6 Nd4 45. Bd3 Nxf3 46. Rxb6 Ng5 47. Rb7+ Kf6 48. Rb6+ Kf7 49. Be2 e4 50. Bh5+ Ke7 51. f6+ Kd7 52. f7 Ke7 53. d6+ Kd7 54. Bg4+ Ne6 55. h7 e3 56. Rb7+ Kc6 57. Re7 Ng7 58. d7 1-0

[Event "British Rapidplay"]
[Site "Peterborough"]
[Date "2025.03.02"]
[Round "9.66"]
[White "Bowers, Francis J"]
[Black "Smith, Andrew PE"]
[Result "1-0"]
[WhiteElo "1820"]
[BlackElo "1745"]
[PlyCount "33"]
[EventDate "2025.03.01"]
[EventType "swiss (rapid)"]
[EventRounds "11"]
[EventCountry "ENG"]
[SourceTitle "BritBase"]
[Source "John Saunders"]
[SourceDate "2025.03.03"]
[SourceVersion "1"]
[SourceVersionDate "2025.03.03"]
[SourceQuality "2"]

1. e4 e5 2. Nf3 Nc6 3. Bb5 Nf6 4. O-O Nxe4 5. Re1 Nd6 6. Nxe5 Nxe5 7. Rxe5+ Be7 8. Ba4 O-O 9. Bb3 Bf6 10. Re1 Re8 11. Nc3 c6 12. d3 Rxe1+ 13. Qxe1 Qe8 14. Bf4 Qf8 15. Bxd6 Qxd6 16. Qe8+ Qf8 17. Bxf7+ 1-0

[Event "British Rapidplay"]
[Site "Peterborough"]
[Date "2025.03.02"]
[Round "9.67"]
[White "Yu, Robin"]
[Black "Davies, Peter L"]
[Result "0-1"]
[WhiteElo "1628"]
[BlackElo "1895"]
[PlyCount "101"]
[EventDate "2025.03.01"]
[EventType "swiss (rapid)"]
[EventRounds "11"]
[EventCountry "ENG"]
[SourceTitle "BritBase"]
[Source "John Saunders"]
[SourceDate "2025.03.03"]
[SourceVersion "1"]
[SourceVersionDate "2025.03.03"]
[SourceQuality "2"]

1. c4 e5 2. Nc3 d6 3. g3 g6 4. Bg2 Bg7 5. e4 Ne7 6. Nge2 Nbc6 7. O-O O-O 8. d3 f5 9. f4 Nd4 10. Nxd4 exd4 11. Ne2 c5 12. h3 Rb8 13. b3 a6 14. a4 b5 15. axb5 axb5 16. Ba3 b4 17. Bb2 Qc7 18. Kh2 Be6 19. Qd2 h6 20. Ra4 Bd7 21. Ra6 Bc6 22. Rfa1 Ra8 23. Ng1 Rxa6 24. Rxa6 Qb7 25. Ra1 Kh7 26. Qe2 Ng8 27. Re1 Ra8 28. Ra1 Re8 29. Re1 fxe4 30. dxe4 d3 31. Qd2 Bxb2 32. Qxb2 Bxe4 33. Bxe4 Rxe4 34. Rd1 Re3 35. Rd2 Qe7 36. Qa2 Nf6 37. Qa8 Re2+ 38. Rxe2 dxe2 39. Nf3 Qe4 40. Qxe4 Nxe4 41. Kg2 Nd2 42. Ne1 Nxb3 43. Kf2 Nd4 44. Nd3 Kg7 45. g4 Kf6 46. h4 Ke6 47. Ke3 b3 48. Kd2 h5 49. g5 Kf5 50. Nf2 b2 51. Kd3 0-1

[Event "British Rapidplay"]
[Site "Peterborough"]
[Date "2025.03.02"]
[Round "9.68"]
[White "Bin-Suhayl, Yousuf"]
[Black "Sriram, Gautam"]
[Result "1/2-1/2"]
[WhiteElo "1897"]
[BlackElo "1597"]
[PlyCount "117"]
[EventDate "2025.03.01"]
[EventType "swiss (rapid)"]
[EventRounds "11"]
[EventCountry "ENG"]
[SourceTitle "BritBase"]
[Source "John Saunders"]
[SourceDate "2025.03.03"]
[SourceVersion "1"]
[SourceVersionDate "2025.03.03"]
[SourceQuality "2"]

1. Nf3 Nf6 2. c4 e6 3. Nc3 d5 4. e3 Be7 5. d4 Nbd7 6. Bd3 b6 7. e4 dxe4 8. Nxe4 Bb7 9. Qe2 Nxe4 10. Bxe4 Bxe4 11. Qxe4 c5 12. Be3 O-O 13. O-O-O cxd4 14. Bxd4 Qc7 15. Bc3 Bf6 16. Qd3 Nc5 17. Qd6 Qxd6 18. Rxd6 Ne4 19. Bxf6 Nxd6 20. Be7 Nxc4 21. Bxf8 Kxf8 22. b3 Nd6 23. Rd1 Ke7 24. Ne5 Rc8+ 25. Kb2 Rc7 26. Rd4 f6 27. Nd3 Nf5 28. Ra4 Nh6 29. h3 Nf7 30. Nb4 Ne5 31. f4 Nf7 32. Rxa7 Rxa7 33. Nc6+ Kd6 34. Nxa7 Kd5 35. a4 Nd6 36. g3 e5 37. fxe5 fxe5 38. Kc2 e4 39. Kd2 Kc5 40. Ke3 Kb4 41. Nc6+ Kxb3 42. a5 bxa5 43. Nxa5+ Kc2 44. g4 Kd1 45. Nc6 Ke1 46. Nd4 Kf1 47. Ne6 Kg2 48. h4 Kg3 49. Nxg7 Kxg4 50. h5 Nf5+ 51. Nxf5 Kxf5 52. h6 Ke5 53. Ke2 Kf4 54. Kf2 e3+ 55. Ke1 Kg5 56. Ke2 Kxh6 57. Kxe3 Kg5 58. Kf3 Kh4 59. Kg2 1/2-1/2

[Event "British Rapidplay"]
[Site "Peterborough"]
[Date "2025.03.02"]
[Round "9.70"]
[White "Nilim, Armaan"]
[Black "Ewart, Thomas"]
[Result "1-0"]
[WhiteElo "1848"]
[BlackElo "1701"]
[PlyCount "57"]
[EventDate "2025.03.01"]
[EventType "swiss (rapid)"]
[EventRounds "11"]
[EventCountry "ENG"]
[SourceTitle "BritBase"]
[Source "John Saunders"]
[SourceDate "2025.03.03"]
[SourceVersion "1"]
[SourceVersionDate "2025.03.03"]
[SourceQuality "2"]

1. d4 Nf6 2. Nc3 g6 3. e4 d6 4. Bg5 Bg7 5. e5 dxe5 6. dxe5 Qxd1+ 7. Rxd1 Nfd7 8. Nd5 Bxe5 9. Nf3 Bd6 10. Bxe7 Bxe7 11. Nxc7+ Kd8 12. Nxa8 b6 13. Bb5 Bb7 14. Ne5 Ke8 15. Nxd7 Nxd7 16. Rxd7 Bb4+ 17. c3 Kf8 18. Rxb7 Bd6 19. O-O Kg7 20. Nc7 Bxc7 21. Rxc7 Ra8 22. g3 a6 23. Bc4 b5 24. Bxf7 Rf8 25. Bb3+ Kh6 26. Re1 g5 27. Re6+ Kh5 28. Bd1+ g4 29. Rc5+ 1-0

[Event "British Rapidplay"]
[Site "Peterborough"]
[Date "2025.03.02"]
[Round "9.72"]
[White "Burton, Sean"]
[Black "Ekram, Itmam"]
[Result "1-0"]
[WhiteElo "1806"]
[BlackElo "1610"]
[PlyCount "103"]
[EventDate "2025.03.01"]
[EventType "swiss (rapid)"]
[EventRounds "11"]
[EventCountry "ENG"]
[SourceTitle "BritBase"]
[Source "John Saunders"]
[SourceDate "2025.03.03"]
[SourceVersion "1"]
[SourceVersionDate "2025.03.03"]
[SourceQuality "2"]

1. e4 c6 2. d4 d5 3. f3 dxe4 4. fxe4 e5 5. Nf3 Bg4 6. Bc4 Qxd4 7. Bxf7+ Ke7 8. Qxd4 exd4 9. Bb3 Bxf3 10. gxf3 h6 11. Bf4 Nd7 12. Nd2 Re8 13. O-O-O b5 14. e5 Kd8 15. Ne4 c5 16. e6 Ndf6 17. Nxf6 Nxf6 18. c3 c4 19. Rxd4+ Kc8 20. Bc2 Bc5 21. Rd2 g5 22. Be5 Be3 23. Bxf6 Bxd2+ 24. Kxd2 Rhf8 25. Bg7 Rxf3 26. Bxh6 Rxe6 27. Bxg5 Rf2+ 28. Kd1 Ree2 29. Bg6 Rxh2 30. Bf5+ Kb7 31. Rxh2 Rxh2 32. Bc2 Rh1+ 33. Kd2 Rh2+ 34. Kc1 Rh1+ 35. Bd1 Kc7 36. Bf4+ Kd7 37. Kc2 Rf1 38. Bg4+ Kc6 39. Bd2 Rf2 40. Be6 a6 41. Kd1 Rh2 42. Kc2 Rf2 43. b3 cxb3+ 44. axb3 Rh2 45. Bg4 a5 46. Bf3+ Kb6 47. Kd3 Rh3 48. Be3+ Ka6 49. Ke4 Rh4+ 50. Kd3 Rh3 51. Bg4 Rg3 52. Bc8# 1-0

[Event "British Rapidplay"]
[Site "Peterborough"]
[Date "2025.03.02"]
[Round "9.73"]
[White "Sahoo, Shivam"]
[Black "Bahtiyorova, Nodirabegim"]
[Result "1-0"]
[WhiteElo "1728"]
[BlackElo "1761"]
[PlyCount "63"]
[EventDate "2025.03.01"]
[EventType "swiss (rapid)"]
[EventRounds "11"]
[EventCountry "ENG"]
[SourceTitle "BritBase"]
[Source "John Saunders"]
[SourceDate "2025.03.03"]
[SourceVersion "1"]
[SourceVersionDate "2025.03.03"]
[SourceQuality "2"]

1. d4 d5 2. c4 e6 3. Nc3 a6 4. cxd5 exd5 5. Nf3 c6 6. g3 Bd6 7. Bg2 Nf6 8. O-O h6 9. a3 O-O 10. Re1 Bf5 11. Bd2 Nbd7 12. Rc1 Re8 13. Na4 Ne4 14. Nh4 Bh7 15. Nc3 Ndf6 16. e3 Qd7 17. Qe2 g5 18. Nf3 Bf5 19. Rf1 Bg4 20. Qd3 Bf5 21. Qe2 Kg7 22. Ne1 Qe6 23. Nd3 h5 24. Rce1 Rh8 25. f3 Nxd2 26. Qxd2 Bh3 27. e4 Bxg2 28. Kxg2 dxe4 29. Qxg5+ Kf8 30. fxe4 Be7 31. Qf4 h4 32. e5 1-0

[Event "British Rapidplay"]
[Site "Peterborough"]
[Date "2025.03.02"]
[Round "9.75"]
[White "Boganadham, Ved Sudeep"]
[Black "Nezis, Anastasios"]
[Result "0-1"]
[WhiteElo "1649"]
[BlackElo "1891"]
[PlyCount "118"]
[EventDate "2025.03.01"]
[EventType "swiss (rapid)"]
[EventRounds "11"]
[EventCountry "ENG"]
[SourceTitle "BritBase"]
[Source "John Saunders"]
[SourceDate "2025.03.03"]
[SourceVersion "1"]
[SourceVersionDate "2025.03.03"]
[SourceQuality "2"]

1. e4 c5 2. c3 d5 3. exd5 Qxd5 4. d4 Nc6 5. Nf3 Nf6 6. Na3 a6 7. Nc4 Bg4 8. Nb6 Qe4+ 9. Be3 Rd8 10. Bd3 Bxf3 11. Bxe4 Bxd1 12. Bxc6+ bxc6 13. Rxd1 cxd4 14. Rxd4 e5 15. Rxd8+ Kxd8 16. O-O Kc7 17. Nc4 Nd5 18. Nxe5 Nxe3 19. fxe3 f6 20. Nf3 Bc5 21. Nd4 Re8 22. Rf5 Bxd4 23. exd4 Re2 24. Rf2 Re1+ 25. Rf1 Re2 26. Rb1 Kd6 27. Kf1 Rd2 28. a3 Kd5 29. Re1 Rxb2 30. Re2 Rxe2 31. Kxe2 Kc4 32. Kd2 a5 33. Kc2 a4 34. g3 f5 35. h4 g6 36. Kd2 h6 37. Kc2 g5 38. Kd2 gxh4 39. gxh4 f4 40. h5 f3 41. Ke3 Kxc3 42. Kxf3 Kxd4 43. Kf4 c5 44. Kf5 c4 45. Kg6 c3 46. Kxh6 c2 47. Kg7 c1=Q 48. h6 Qg5+ 49. Kh7 Kc3 50. Kh8 Qxh6+ 51. Kg8 Qb6 52. Kf7 Kb3 53. Ke7 Kxa3 54. Kd7 Kb3 55. Kc8 a3 56. Kd7 a2 57. Kc8 a1=Q 58. Kd7 Qaa7+ 59. Kc8 Qbb8# 0-1

[Event "British Rapidplay"]
[Site "Peterborough"]
[Date "2025.03.02"]
[Round "9.76"]
[White "Sennaroglu, Djan"]
[Black "Watkinson, Phil K"]
[Result "1-0"]
[WhiteElo "1693"]
[BlackElo "1775"]
[PlyCount "57"]
[EventDate "2025.03.01"]
[EventType "swiss (rapid)"]
[EventRounds "11"]
[EventCountry "ENG"]
[SourceTitle "BritBase"]
[Source "John Saunders"]
[SourceDate "2025.03.03"]
[SourceVersion "1"]
[SourceVersionDate "2025.03.03"]
[SourceQuality "2"]

1. e4 e5 2. Nf3 Nc6 3. Bc4 Nf6 4. d3 Bc5 5. c3 d6 6. h3 a6 7. a4 Be6 8. Nbd2 O-O 9. O-O Ne7 10. b4 Ba7 11. Re1 Ng6 12. Bb3 Nf4 13. Nf1 Qe7 14. Bxf4 exf4 15. d4 Rad8 16. Bc2 c5 17. d5 Bd7 18. bxc5 Bxc5 19. c4 Rb8 20. Qd2 Nh5 21. e5 f6 22. e6 Be8 23. Nh4 b6 24. Nf5 Qc7 25. Nh2 a5 26. Nf3 Bb4 27. Qd3 Bxe1 28. Ne7+ Qxe7 29. Qxh7# 1-0

[Event "British Rapidplay"]
[Site "Peterborough"]
[Date "2025.03.02"]
[Round "9.77"]
[White "Mehta, Sophie"]
[Black "Suganya, Yugan"]
[Result "0-1"]
[WhiteElo "1682"]
[BlackElo "1770"]
[PlyCount "78"]
[EventDate "2025.03.01"]
[EventType "swiss (rapid)"]
[EventRounds "11"]
[EventCountry "ENG"]
[SourceTitle "BritBase"]
[Source "John Saunders"]
[SourceDate "2025.03.03"]
[SourceVersion "1"]
[SourceVersionDate "2025.03.03"]
[SourceQuality "2"]

1. d4 e5 2. dxe5 Nc6 3. Nf3 Qe7 4. Nc3 Nxe5 5. Nxe5 Qxe5 6. Qd5 Bd6 7. Qxe5+ Bxe5 8. Bd2 Nf6 9. O-O-O O-O 10. f3 d5 11. Bg5 c6 12. Bd2 Bf5 13. g4 Bg6 14. h4 h5 15. g5 Nd7 16. Bh3 Nb6 17. f4 Bd6 18. f5 Bh7 19. Rhg1 g6 20. f6 Rfe8 21. Rg2 Nc4 22. Rf1 d4 23. Nd1 Re4 24. Be1 Rae8 25. b3 Ne3 26. Nxe3 Rxe3 27. Bd7 Rd8 28. Bd2 Re4 29. Bh3 Rxh4 30. Rf3 Re8 31. Rd3 Ree4 32. Kb2 Re8 33. Bd7 Rd8 34. Be1 Rh1 35. Bxc6 bxc6 36. Ba5 Re8 37. Bd2 h4 38. e3 h3 39. Rf2 h2 0-1

[Event "British Rapidplay"]
[Site "Peterborough"]
[Date "2025.03.02"]
[Round "9.78"]
[White "Strugar, Ioan-Euzeb"]
[Black "Basher, Ekramul"]
[Result "1/2-1/2"]
[WhiteElo "1659"]
[BlackElo "1726"]
[PlyCount "134"]
[EventDate "2025.03.01"]
[EventType "swiss (rapid)"]
[EventRounds "11"]
[EventCountry "ENG"]
[SourceTitle "BritBase"]
[Source "John Saunders"]
[SourceDate "2025.03.03"]
[SourceVersion "1"]
[SourceVersionDate "2025.03.03"]
[SourceQuality "2"]

1. e4 e6 2. Nf3 Nc6 3. d4 d5 4. e5 h6 5. a3 Bd7 6. Bd3 a6 7. c3 f6 8. Bg6+ Ke7 9. O-O Be8 10. Qd3 Kd7 11. Bf4 Nge7 12. Bxe8+ Qxe8 13. Nbd2 f5 14. Nb3 Ng6 15. Bd2 h5 16. Rac1 h4 17. h3 Be7 18. c4 Qf8 19. cxd5 exd5 20. Rfe1 Rd8 21. Ng5 Bxg5 22. Bxg5 Re8 23. e6+ Kc8 24. Nc5 Nge7 25. Nd7 Qg8 26. Rxc6 Nxc6 27. b4 Rxe6 28. Rxe6 Qxe6 29. Nc5 Qe1+ 30. Kh2 Qxf2 31. b5 Re8 32. Bxh4 Qxd4 33. Qxf5+ Kb8 34. Nd7+ Ka7 35. Bf2 Re3 36. Bxe3 Qxe3 37. bxc6 bxc6 38. Qe5 Qxe5+ 39. Nxe5 Kb6 40. Kg3 d4 41. Kf3 c5 42. Ke4 Kb5 43. Kd3 a5 44. Nc4 a4 45. g4 Kc6 46. h4 Kd5 47. g5 Ke6 48. h5 Kf5 49. h6 gxh6 50. gxh6 Kg6 51. h7 Kxh7 52. Nb2 Kg6 53. Nxa4 Kf5 54. Nxc5 Ke5 55. Kc4 c6 56. a4 Kd6 57. a5 Kc7 58. a6 d3 59. Kxd3 Kb6 60. Kc4 Ka7 61. Kd4 Kb6 62. Ke5 Ka7 63. Kd6 Kb6 64. Kd7 Ka7 65. Kxc6 Ka8 66. Kb6 Kb8 67. a7+ Ka8 1/2-1/2